Native American housing : information on HUD's funding of Indian housing programs : report to the Honorable Thad Cochran, U.S. Senate /

Bibliographic Details
Corporate Author: United States. General Accounting Office
Format: Government Document Microform Book
Language:English
Published: Washington, D.C. (P.O. Box 37050, Washington, D.C. 20013) : The Office, [1998]
Subjects:
Online Access:Adobe Acrobat Reader required

MARC

Tag First Indicator Second Indicator Subfields
LEADER 00000cam a2200000 a 4500
001 in00000006153
007 he bmb024bbca
008 990823s1998 dcua bb f000 0 eng c
005 20230331144424.1
035 |a (OCoLC)ocm42933442 
035 |9 AJK1364AM 
035 |a in00000006153 
037 |a 161394  |b GAO (202) 512-6000 (Voice); (202) 512-6061 (Fax)  |f paper copy 
040 |a CUT  |c CUT  |d SPI  |d GPO  |d DLC  |d MvI  |d UtOrBLW 
042 |a pcc 
043 |a n-us--- 
049 |a UMIC 
050 1 4 |a E98.H58  |b A35 
074 |a 0546-D (MF) 
074 |a 0546-D (online) 
086 0 |a GA 1.13:RCED-99-16 
088 |a GAO/RCED-99-16 
088 |a B-280876 
110 1 |a United States.  |b General Accounting Office. 
245 1 0 |a Native American housing :  |b information on HUD's funding of Indian housing programs : report to the Honorable Thad Cochran, U.S. Senate /  |c United States General Accounting Office. 
246 3 0 |a Information on HUD's funding of Indian housing programs 
264 1 |a Washington, D.C. (P.O. Box 37050, Washington, D.C. 20013) :  |b The Office,  |c [1998] 
300 |a 63 pages :  |b illustrations ;  |c 28 cm. 
336 |a text  |b txt  |2 rdacontent 
337 |a microform  |b h  |2 rdamedia 
338 |a microfiche  |b he  |2 rdacarrier 
500 |a Cover title. 
500 |a "November 1998." 
500 |a Shipping list number: 99-0717-M. 
500 |a Shipping List Date: 07/26/99 
504 |a Includes bibliographical references. 
500 |a "GAO/RCED-99-16." 
500 |a "B-280876"--P. 1. 
533 |a Microfiche.  |b [Washington, D.C.] :  |c U.S. General Accounting Office,  |d [1999]  |e 1 microfiche : negative. 
530 |a Also available via Internet from the GPO Access Web site. Address as of 4-23-01: http://frwebgate.access.gpo.gov/cgi-bin/getdoc.cgi?dbname=gao&docid=f:rc99016.pdf; current access is available via PURL. 
500 |a Microform. 
650 0 |a Indians of North America  |x Housing  |x Finance. 
650 0 |a Housing policy  |z United States. 
610 1 0 |a United States.  |b Department of Housing and Urban Development  |v Rules and practice. 
856 4 1 |u https://purl.fdlp.gov/GPO/LPS11307  |z Adobe Acrobat Reader required  |t 0 
999 |a MARS 
999 f f |i 0740243a-829d-36fc-a878-6990adc6c01a  |s 1d91a095-0c2f-32d6-9339-22aa19c13470  |t 0 
952 f f |p normal  |a Texas A&M University  |b College Station  |c Sterling C. Evans Library  |d Evans: US Documents Microfiche (3rd floor)  |t 0  |e GA 1.13:RCED-99-16  |h Superintendent of Documents classification  |i microform -- microfiche  |m A14829110625 
952 f f |a Texas A&M University  |b College Station  |c Electronic Resources  |d Available Online  |t 0  |e GA 1.13:RCED-99-16  |h Superintendent of Documents classification 
998 f f |a GA 1.13:RCED-99-16  |t 0  |l Evans: US Documents Microfiche (3rd floor) 
998 f f |a GA 1.13:RCED-99-16  |t 0  |l Available Online